|
|
|
|
| LEADER |
00000cam a2200000 c 4500 |
| 001 |
1072840332 |
| 003 |
DE-627 |
| 005 |
20260206192951.0 |
| 007 |
tu |
| 008 |
850101s1959 gw ||||| 00| ||ger c |
| 035 |
|
|
|a (DE-627)1072840332
|
| 035 |
|
|
|a (DE-603)120768380
|
| 035 |
|
|
|a (DE-576)002840332
|
| 035 |
|
|
|a (DE-599)BSZ002840332
|
| 035 |
|
|
|a (OCoLC)720253401
|
| 035 |
|
|
|a (OCoLC)05428260
|
| 040 |
|
|
|a DE-627
|b ger
|c DE-627
|e rakwb
|
| 041 |
|
|
|a ger
|
| 044 |
|
|
|c XA-DE
|
| 050 |
|
0 |
|a BF692
|
| 082 |
0 |
|
|a 136.1
|
| 084 |
|
|
|a 1
|2 ssgn
|
| 084 |
|
|
|a YH 3200
|2 rvk
|0 (DE-625)rvk/153537:12905
|
| 084 |
|
|
|a YH 8600
|2 rvk
|0 (DE-625)rvk/153590:
|
| 084 |
|
|
|a BK 1950
|2 rvk
|0 (DE-625)rvk/11842:
|
| 084 |
|
|
|a BH 7100
|2 rvk
|0 (DE-625)rvk/11740:
|
| 100 |
1 |
|
|a Leibbrand-Wettley, Annemarie
|d 1913-1996
|0 (DE-588)140737081
|0 (DE-627)621583952
|0 (DE-576)320518353
|4 aut
|
| 109 |
|
|
|a Leibbrand-Wettley, Annemarie 1913-1996
|a Leibbrand, Annemarie 1913-1996
|a Wettley, Annemarie 1913-1996
|a Wettley, Annemarie Leibbrand- 1913-1996
|
| 245 |
1 |
0 |
|a Von der 'Psychopathia sexualis' zur Sexualwissenschaft
|c von Annemarie Wettley in Verb. mit W. Leibbrand
|
| 264 |
|
1 |
|a Stuttgart
|b Enke
|c 1959
|
| 300 |
|
|
|a IX, 101 S.
|
| 336 |
|
|
|a Text
|b txt
|2 rdacontent
|
| 337 |
|
|
|a ohne Hilfsmittel zu benutzen
|b n
|2 rdamedia
|
| 338 |
|
|
|a Band
|b nc
|2 rdacarrier
|
| 490 |
1 |
|
|a Beiträge zur Sexualforschung
|v 17
|
| 583 |
1 |
|
|a Archivierung/Langzeitarchivierung gewährleistet
|f PEBW
|x XA-DE-BW
|2 pdager
|5 DE-24
|
| 583 |
1 |
|
|a Massenentsäuert
|c 2010
|k DE-18
|2 pdager
|5 DE-18-64
|
| 583 |
1 |
|
|a Archivierung/Langzeitarchivierung gewährleistet
|c 2023
|f SLG
|x XA-DE-BW
|2 pdager
|5 DE-289
|
| 583 |
1 |
|
|a Archivierung/Langzeitarchivierung gewährleistet
|f SSG
|x XA-DE-BW
|2 pdager
|5 DE-21
|
| 583 |
1 |
|
|a Archivierung prüfen
|c 20240324
|f DE-4165
|z 1
|2 pdager
|
| 583 |
1 |
|
|a Archivierung/Langzeitarchivierung gewährleistet
|c 20240722
|f NI-LastCopies
|x XA-DE-NI
|z Potenzieller Alleinbesitz Niedersachsen
|2 pdager
|5 DE-89
|
| 650 |
|
0 |
|a Sex Deviation
|
| 650 |
|
2 |
|a Paraphilias
|
| 650 |
0 |
7 |
|0 (DE-588)4077394-2
|0 (DE-627)106080342
|0 (DE-576)209204966
|a Sexualwissenschaft
|2 gnd
|
| 689 |
0 |
0 |
|d s
|0 (DE-588)4077394-2
|0 (DE-627)106080342
|0 (DE-576)209204966
|a Sexualwissenschaft
|2 gnd
|
| 689 |
0 |
|
|5 (DE-627)
|
| 689 |
1 |
0 |
|d s
|0 (DE-588)4077394-2
|0 (DE-627)106080342
|0 (DE-576)209204966
|a Sexualwissenschaft
|2 gnd
|
| 689 |
1 |
|
|5 (DE-627)
|
| 700 |
1 |
|
|a Leibbrand, Werner
|d 1896-1974
|0 (DE-588)118727222
|0 (DE-627)079508448
|0 (DE-576)209352388
|4 oth
|
| 830 |
|
0 |
|a Beiträge zur Sexualforschung
|v 17
|9 17
|w (DE-627)130216607
|w (DE-576)01576267X
|w (DE-600)536802-9
|x 0067-5210
|7 am
|
| 889 |
|
|
|w (DE-627)409209244
|
| 889 |
|
|
|w (DE-627)02057035X
|
| 935 |
|
|
|a mteo
|
| 935 |
|
|
|i mdedup
|
| 935 |
|
|
|h HEB
|i 0501
|
| 935 |
|
|
|h HEB
|i 0503
|
| 936 |
r |
v |
|a YH 3200
|b Allgemeines
|k Medizin
|k Psychiatrie, Medizinische Psychologie
|k Sexualmedizin, Sexualwissenschaft
|k Allgemeines
|0 (DE-627)127074304X
|0 (DE-625)rvk/153537:12905
|0 (DE-576)20074304X
|
| 936 |
r |
v |
|a YH 8600
|b Hand- und Lehrbücher, einführende Werke
|k Medizin
|k Psychiatrie, Medizinische Psychologie
|k Spezielle Psychiatrie
|k Gerichtliche Psychiatrie
|k Sexualstörungen
|k Hand- und Lehrbücher, einführende Werke
|0 (DE-627)1271855828
|0 (DE-625)rvk/153590:
|0 (DE-576)201855828
|
| 936 |
r |
v |
|a BK 1950
|b Schriftenreihen
|k Theologie und Religionswissenschaften
|k Theologische Ethik/Moraltheologie
|k Sammelwerke
|k Schriftenreihen
|0 (DE-627)1270724886
|0 (DE-625)rvk/11842:
|0 (DE-576)200724886
|
| 936 |
r |
v |
|a BH 7100
|b Theologiegeschichtliche Probleme
|k Theologie und Religionswissenschaften
|k Evangelische Dogmatik
|k Spezielle Dogmatik
|k Soteriologie
|k Theologiegeschichtliche Probleme
|0 (DE-627)127151494X
|0 (DE-625)rvk/11740:
|0 (DE-576)20151494X
|
| 936 |
s |
n |
|a w200
|2 mzub
|
| 936 |
s |
n |
|a b100
|2 mzub
|
| 951 |
|
|
|a BO
|
| ELC |
|
|
|b 1
|
| LOK |
|
|
|0 000 xxxxxcx a22 zn 4500
|
| LOK |
|
|
|0 001 287325890X
|
| LOK |
|
|
|0 003 DE-627
|
| LOK |
|
|
|0 004 1072840332
|
| LOK |
|
|
|0 005 20260219132455
|
| LOK |
|
|
|0 008 150728||||||||||||||||ger|||||||
|
| LOK |
|
|
|0 040
|a DE-21-110
|c DE-627
|d DE-21-110
|
| LOK |
|
|
|0 852
|z Kein Bestand am IfK; Nachweis für KrimDok
|
| LOK |
|
|
|0 852
|a DE-21-110
|
| LOK |
|
|
|0 852 1
|m v
|9 00
|
| LOK |
|
|
|0 935
|a k110
|
| LOK |
|
|
|0 938
|k v
|
| LOK |
|
|
|0 939
|a 28-07-15
|b l01
|
| ORI |
|
|
|a WA-MARC-krimdoka001.raw
|